El criticón

Bewaard in:
Bibliografische gegevens
Hoofdauteur: Gracián, Baltasar
Formaat: Boek
Taal:Undetermined
Gepubliceerd in: Madrid, España Espasa-Calpe 1957
Editie:5
Onderwerpen:
Tags: Voeg label toe
Geen labels, Wees de eerste die dit record labelt!

MARC

LEADER 00000nam a2200000Ia 4500
008 170316s9999 xx 000 0 und d
040 |a cru BVZT 
090 |a 862 G-40cr 
100 |a Gracián, Baltasar 
245 |a El criticón 
250 |a 5 
260 |a Madrid, España 
260 |b Espasa-Calpe 
260 |c 1957 
300 |a 417 páginas 
650 |a LITERATURA ESPAÑOLA 
999 |c 9937  |d 9937 
942 |c 15 D  |h 862 G-40cr  |2 z